000 00427nam a2200181Ia 4500
001 24957
003 IN-NITTTR
005 20251114233318.0
008 251113s9999||||xx |||||||||||||| ||eng||
040 _beng
040 _cIN-NITTTR
041 _aeng
082 _a004.6 S18C
100 _aShanmugam, A
245 0 _aComputer communication networks /
_cShanmugam, A, Rajeev, S
700 _a Rajeev, S
942 _2ddc
_cBK
999 _c27586
_d27586